| 000 | 00889nam a2200253Ia 4500 | ||
|---|---|---|---|
| 003 | OSt | ||
| 005 | 20221005112816.0 | ||
| 006 | a|||||r|||| 00| 0 | ||
| 007 | ta | ||
| 008 | 221004b |||||||| |||| 00| 0 pan d | ||
| 020 | _c320 | ||
| 024 | _a104366 | ||
| 037 |
_b7830/VIII, 31/01/2011, Arsee Publishers _cTextual |
||
| 040 |
_aCRL _cCRL _bpan |
||
| 041 |
_2pan _apan |
||
| 082 | _aO153,3:gN9, N4 | ||
| 100 | _aਧਨਵੰਤ ਕੌਰ | ||
| 245 | 0 |
_aਆਧੁਨਿਕ ਪੰਜਾਬੀ ਕਹਾਣੀ _b ਬਿਰਤਾਂਤ ੑ ਾਸਤਰੀ ਅਧਿਐਨ |
|
| 260 |
_aਦਿੱਲੀ _bਆਰਸੀ ਭਾਰਤ _c1994 |
||
| 300 |
_a192ਪੰ _ccm. |
||
| 650 | _aਭੱਜ਼ਾਂਸ਼. ਸਾਂFੲਛ | ||
| 942 |
_hO153,3:gN9, N4 _cTEXL _2cc |
||
| 999 |
_c1026039 _d1026039 |
||